Every Victoria 3 country and tribe at game start - Statistics

General Stats
  • This quiz has been taken 9 times
  • The average score is 93 of 422
Answer Stats
Answer % Correct
Great Britain
100%
Belgium
88%
China
88%
Colombia
88%
Finland
88%
France
88%
Korea
88%
Norway
88%
Portugal
88%
Prussia
88%
Russia
88%
Siam
88%
Spain
88%
Venezuela
88%
America
75%
Austria
75%
Baden
75%
Bavaria
75%
Bolivia
75%
Brazil
75%
Chile
75%
Cuba
75%
Denmark
75%
East India
75%
Egypt
75%
Greece
75%
Haiti
75%
Hanover
75%
Holstein
75%
Mexico
75%
Morocco
75%
Netherlands
75%
Persia
75%
Philippines
75%
Rome
75%
Saxony
75%
South Africa
75%
Sweden
75%
Switzerland
75%
Texas
75%
Turkey
75%
Two Sicilies
75%
Argentina
63%
Burma
63%
Central America
63%
Croatia
63%
Ecuador
63%
Japan
63%
Liberia
63%
Luxembourg
63%
New South Wales
63%
Ontario
63%
Paraguay
63%
Quebec
63%
Sardinia-Piedmont
63%
Schleswig
63%
Serbia
63%
Tasmania
63%
Tunis
63%
Uruguay
63%
Württemberg
63%
Bahrain
50%
Bhutan
50%
Bremen
50%
Cambodia
50%
Ceylon
50%
Gaza
50%
Hawaii
50%
Hesse
50%
Hungary
50%
Madagascar
50%
Mecklenburg
50%
Moldavia
50%
Nepal
50%
Oman
50%
Tibet
50%
Tonga
50%
Tswana
50%
United Baltic Provinces
50%
Wallachia
50%
Western Australia
50%
Alaska
38%
Anhalt
38%
Brunei
38%
Brunswick
38%
Buganda
38%
Burundi
38%
Dahomey
38%
East Indies
38%
Fiji
38%
Grão-Pará
38%
Hudson's Bay Company
38%
Kel Air
38%
Krakow
38%
Lakota
38%
Maldives
38%
Mascara
38%
Modena
38%
Montenegro
38%
Nejd
38%
New Brunswick
38%
North Peru
38%
Nova Scotia
38%
Oldenburg
38%
Oregon
38%
Papua
38%
Parma
38%
Punjab
38%
Rwanda
38%
Sokoto
38%
South Australia
38%
South Peru
38%
Tahiti
38%
Transylvania
38%
Tripolitania
38%
Trucial States
38%
Tuscany
38%
United Tribes
38%
Aceh
25%
Apache
25%
Aussa
25%
Benin
25%
Bukhara
25%
Carlist Spain
25%
Circassia
25%
Comanche
25%
Dai Nam
25%
Darfur
25%
Frankfurt
25%
Guarani
25%
Hamburg
25%
Hedjaz
25%
Hehe
25%
Hesse-Kassel
25%
Hindustan
25%
Hohenzollern
25%
Hyderabad
25%
Indian Territory
25%
Iron Confederacy
25%
Kabul
25%
Kafiristan
25%
Kalat
25%
Kandahar
25%
Kashmir
25%
Kel Ahaggar
25%
Khiva
25%
Kishi Zhuz
25%
Kokland
25%
Kuba
25%
Kutai
25%
Luba
25%
Lucca
25%
Mapuche
25%
Micronesia
25%
Miskitia
25%
Mysore
25%
Nauru
25%
Oranje
25%
Piratini
25%
San
25%
Saxe-Coburg-Gotha
25%
Saxe-Meiningen
25%
Saxe-Weimar
25%
Shewa
25%
Swaziland
25%
Transvaal
25%
Turkmenia
25%
Uly Zhuz
25%
Warsangali
25%
Wati
25%
Zulu
25%
Adrar
13%
Ait Abbas
13%
Ajuran
13%
Ankole
13%
Ashanti
13%
Assam
13%
Athabaska
13%
Awadh
13%
Azal
13%
Azande
13%
Bagirmi
13%
Baroda
13%
Barotse
13%
Bastar
13%
Bobangi
13%
Bornu
13%
Chechnya
13%
Chiang Mai
13%
Chitral
13%
Chokwe
13%
Constantine
13%
Dar al Kuti
13%
Duala
13%
Fang
13%
Futa Jallon
13%
Futa Toro
13%
Gobir
13%
Gojjam
13%
Gwalior
13%
Harar
13%
Herat
13%
Herero
13%
Igbo
13%
Indore
13%
Ionian Islands
13%
Iquicha
13%
Jabal Shammar
13%
Jambi
13%
Jolof
13%
Kaabu
13%
Kathiri
13%
Kel Adagh
13%
Kikuyu
13%
Kong
13%
Kongo
13%
Kru
13%
Lanfang
13%
Lippe
13%
Lübeck
13%
Mahra
13%
Maimana
13%
Majerteen
13%
Makran
13%
Marwar
13%
Masai
13%
Massina
13%
Muhammara
13%
Nagpur
13%
Nama
13%
Navajo
13%
Nuer
13%
Orta Zhuz
13%
Oyo
13%
Pedi
13%
Schaumburg-Lippe
13%
Schwarzburg
13%
Shan
13%
Sierra Leone
13%
Sikkim
13%
Sulu
13%
Surakarta
13%
Tehuelche
13%
Tidore
13%
Tigray
13%
Touggourt
13%
Trarza
13%
Tuat
13%
Ute
13%
Wadai
13%
Waldeck
13%
Yat'siminoli
13%
Yogyakarta
13%
Absaroka
0%
Acholi
0%
Ainu Mosir
0%
Alwar
0%
Angoche
0%
Anuak
0%
Anyi
0%
Arapaho
0%
Arsiland
0%
Aulihan
0%
Bahawalpur
0%
Bali
0%
Bamum
0%
Bangala
0%
Banjar
0%
Basutoland
0%
Baule
0%
Begemder
0%
Bemba
0%
Bhavnagar
0%
Bhopal
0%
Bikaner
0%
Bilua
0%
Borana
0%
Borgu
0%
Brakna
0%
Bulungan
0%
Bundu
0%
Bunyoro
0%
Buton
0%
Cayor
0%
Chaamba
0%
Champassak
0%
Cochin
0%
Cooch Behar
0%
Dar Fertit
0%
Degar
0%
Delim
0%
Dharampur
0%
Dhundhar
0%
Dinka
0%
Diola
0%
Ewe
0%
Fezzan
0%
Garhwal
0%
Geledi
0%
Gogo
0%
Griqualand
0%
Hadiya
0%
Halia
0%
Hemba
0%
Idar
0%
Isaaq
0%
Jaisalmer
0%
Jeypore
0%
Jhansi
0%
Johore
0%
Junagadh
0%
Kaarta
0%
Kabadougou
0%
Kadanje
0%
Kaffa
0%
Kanak
0%
Karagwe
0%
Kaurna
0%
Kazembe
0%
Kel Ajjer
0%
Kel Ataram
0%
Kel Dinnik
0%
Khasi
0%
Khmer Loeu
0%
Kolhapur
0%
Kotah
0%
Kuki
0%
Kunduz
0%
Kurnool
0%
Kutch
0%
Ladkh
0%
Lahej
0%
Lega
0%
Loango
0%
Luang Prabang
0%
Lunda
0%
Luo
0%
Maguindanao
0%
Mandinka
0%
Mangbetu
0%
Manica
0%
Manipur
0%
Maravi
0%
Maseko
0%
Mashona
0%
Mayurbhanj
0%
Mecklenburg-Strelitz
0%
Mewar
0%
Mijikenda
0%
Mindanao
0%
Mirning
0%
Mombasa
0%
Mossi
0%
Mutapa
0%
Mzab
0%
Naga
0%
Narsinghpur
0%
Nassau
0%
Nawanagar
0%
Ndebele
0%
Ngati Tahu
0%
Ngati Toa
0%
Niitsitapi
0%
Nimíipuu
0%
Noongar
0%
Ogaden
0%
Omo
0%
Orchha
0%
Orma
0%
Ovambo
0%
Ovimbundu
0%
Palanpur
0%
Pannakwati
0%
Patiala
0%
Patna
0%
Pawnee
0%
Perak
0%
Philippolis
0%
Pontianak
0%
Pudukottai
0%
Puerto Rico
0%
Qwara
0%
Reguibat
0%
Rewah
0%
Sakhalin
0%
Sakuye
0%
Sambas
0%
Sangu
0%
Satara
0%
Segou
0%
Selangor
0%
Sélis
0%
Selk'nam
0%
Serer
0%
Siak
0%
Sidamo
0%
Sindh
0%
Sintang
0%
Sip Song Chau Tai
0%
Sulawesi
0%
Surguja
0%
Susu
0%
Tagant
0%
Tavancore
0%
Teke
0%
Tekna
0%
Temne
0%
Tipperah
0%
Toposa
0%
Tubu
0%
Tungi
0%
Turkana
0%
Unyamwezi
0%
Usukuma
0%
Vanuatu
0%
Venda
0%
Welega
0%
Witu
0%
Wolaita
0%
Yaka
0%
Zuwayya
0%
No matching quizzes found
Score Distribution
Percent of People with Each Score
Percentile by Number Answered
Your Score History
You have not taken this quiz